Northern Houses from Game Of Thrones (A Song of Ice and Fire) - Estadísticas

Estadísticas generales
  • Esta prueba ha sido intentada 18 veces
  • La puntuación promedio es 9 de 34
Estadísticas de respuestas
Imagen Respuesta % Correcto
Bolton
100%
Stark
100%
Mormont
81%
Karstark
75%
Umber
69%
Manderly
63%
Dustin
44%
Reed
44%
Glover
38%
Hornwood
31%
Cassel
25%
Cerwyn
25%
Poole
25%
Ryswell
25%
Tallhart
25%
Flint of Flint's Finger
19%
Flint of Widow's Watch
19%
Locke
19%
Thenn
19%
Condon
13%
Fenn
13%
Ironsmith
13%
Marsh
6%
Mollen
6%
Overton
6%
Slate
6%
Stout
6%
Wells
6%
Whitehill
6%
Whoolfield
6%
Lake
0%
Lightfoot
0%
Moss
0%
Waterman
0%
No se encontraron pruebas coincidentes
Distribución de puntuación
Porcentaje de gente con cada puntuación
Porcentaje por número respondido
Historial de tus puntuaciones
No has intentado esta prueba.